| 000 | 00608nam a2200169 4500 | ||
|---|---|---|---|
| 999 |
_c4197 _d4197 |
||
| 008 | 160827b xxu||||| |||| 00| 0 eng d | ||
| 022 | _a2094-8042 | ||
| 082 | _aDPer 370.105 M72 Jan-Dec 2012 v. 60-61 | ||
| 100 |
_913831 _aSapiay, Fe Marie A. |
||
| 243 | _aThe modern teacher | ||
| 245 |
_aA demonstration lesson plan in English III with GAD Integration/ _cFe Marie A. Sapiay. |
||
| 260 |
_aPhilippines: _bIn the Grade School, Inc., _c©2012. |
||
| 300 |
_av60 n10, pages 411+; _c28 cm. |
||
| 500 | _aThe Modern Teacher | ||
| 650 | 0 |
_913832 _aProgrammed instruction _xEnglish language |
|
| 942 |
_2ddc _cPER |
||